Reconnais et nomme ces artistes francophones VOL10 - Statistiques

Statistiques générales
  • Ce quiz a été pris 37 fois
  • Le résultat moyen est 8 sur 16
Statistiques - réponses
Par images Réponse % Correct
Daniel Balavoine
80%
SCH
80%
DJ Snake
74%
Emmanuel Moire
71%
Tal
69%
Santa
66%
Axelle Red
63%
Charlotte Cardin
51%
Tiakola
46%
Léo Ferré
43%
Maurane
43%
Elodie Frégé
40%
Françoise Hardy
37%
Justice
20%
Lucky Love
17%
Yodelice
14%
Aucun quiz correspondant
Distribution des résultats
% des personnes avec chaque résultat
Percentile par nombre de réponses
Votre historique - résultats
Vous n’avez pas pris ce quiz